Central Library OPAC University of Rajshahi

বাংলা সাহিত্যের ইতিবৃত্ত : (Record no. 81607)

MARC details
000 -LEADER
fixed length control field 01217nam a2200265 a 4500
001 - CONTROL NUMBER
control field 81607
003 - CONTROL NUMBER IDENTIFIER
rucl marc code BD-RjUL
005 - DATE AND TIME OF LATEST TRANSACTION
control field 20230726144240.0
008 - FIXED-LENGTH DATA ELEMENTS--GENERAL INFORMATION
fixed length control field 230726r20211996bg ||||| |||| 001 0 ben d
020 ## - INTERNATIONAL STANDARD BOOK NUMBER
International Standard Book Number 9789841107406
035 ## - SYSTEM CONTROL NUMBER
System control number (BD-RjUL)81607
040 ## - CATALOGING SOURCE
Original cataloging agency BD-RjUL
Language of cataloging ben
Transcribing agency BD-RjUL
041 ## - LANGUAGE CODE
Language code of text/sound track or separate title ben
082 ## - DEWEY DECIMAL CLASSIFICATION NUMBER
Edition number 23
Classification number 891.4409
Author mark and year HAB 2021
100 ## - MAIN ENTRY--PERSONAL NAME
Personal name হাই, মুহাম্মদ আবদুল
9 (RLIN) 116992
245 ## - TITLE STATEMENT
Title বাংলা সাহিত্যের ইতিবৃত্ত :
Remainder of title আধুনিক যুগ /
Statement of responsibility, etc. মুহাম্মদ আবদুল হাই, সৈয়দ আলী আহসান
250 ## - EDITION STATEMENT
Edition statement ৮ম সং.
260 ## - PUBLICATION, DISTRIBUTION, ETC. (IMPRINT)
Place of publication, distribution, etc. বাংলাবাজার, ঢাকা :
Name of publisher, distributor, etc. আহমদ পাবলিশিং হাউজ,
Date of publication, distribution, etc. [১৯৯৬], [মুদ্রণ ২০২১]
300 ## - PHYSICAL DESCRIPTION
Pagination ৪৬৪ পৃ. ;
Size ২২ সেমি.
500 ## - GENERAL NOTE
General note নির্ঘণ্ট সংযুক্ত ।
650 ## - SUBJECT ADDED ENTRY--TOPICAL TERM
Topical term or geographic name as entry element বাংলা সাহিত্য
Form subdivision ইতিহাস ও সমালোচনা
9 (RLIN) 117446
Topical term or geographic name as entry element Bengali literature
Form subdivision History and criticism
9 (RLIN) 117446
700 ## - ADDED ENTRY--PERSONAL NAME
Personal name আহসান, সৈয়দ আলী
942 ## - ADDED ENTRY ELEMENTS (KOHA)
Source of classification or shelving scheme Dewey Decimal Classification
Koha item type Books
Holdings
Lost status Source of classification or shelving scheme Damaged status Not for loan Collection code Permanent Location Current Location Shelving location Date acquired Source of acquisition Cost, normal purchase price Total Checkouts Full call number Date last seen Copy number Koha item type Date checked out
  Dewey Decimal Classification   Not For Loan Non-fiction Central Library, University of Rajshahi Central Library, University of Rajshahi Reading Room 07/06/2023 Rajshahi : Biddasagar 450.00   B 891.4409 HAB 2021 26/07/2023 C-1 Books  
  Dewey Decimal Classification     Non-fiction Central Library, University of Rajshahi Central Library, University of Rajshahi General Stacks 07/06/2023 Rajshahi : Biddasagar 450.00 9 B 891.4409 HAB 2021 30/03/2026 C-2 Books 13/01/2026
  Dewey Decimal Classification     Non-fiction Central Library, University of Rajshahi Central Library, University of Rajshahi General Stacks 07/06/2023 Rajshahi : Biddasagar 450.00   B 891.4409 HAB 2021 26/07/2023 C-3 Books